000 00743nam a2200193Ia 4500
999 _c37550
_d37550
001 3516
003 GE_BSU
005 20190528190533.0
008 181216s1972|||| |||||||||||||| ||geo||
040 _cGE_BSU
080 _a54(075.8)+546(075.8)
100 _aძიძაძე, ს.
_91768
245 _aზოგადი და არაორგანული ქიმიის კურსი : 2 ნაწ. XIX-XXXX თავები
_bსახელმძღვ. /
_cს. ძიძაძე.
264 _aთბილისი :
_bსპი,
_c1972.
300 _a400 გვ .:
_c27 სმ.
653 _aზოგადი და არაორგანული ქიმია
653 _aქიმია
942 _cBK
_2udc